| 000 | 01019cam a2200301 i 4500 | ||
|---|---|---|---|
| 001 | 12243 | ||
| 003 | KOSZ 005 | ||
| 005 | 20200418140357.0 | ||
| 008 | 070826s1969 pl a f 001 0 pol | ||
| 015 | _aPB 1969/4232 | ||
| 040 |
_aWA N _cKOSZ 005/HR _dKOSZ 005/HR |
||
| 080 | _a621.38 | ||
| 080 | _a621.37 | ||
| 100 | 1 |
_aBaranowski, Jerzy _c(nauki techniczne). |
|
| 245 | 1 | 0 |
_aPółprzewodnikowe elementy układów impulsowych / _cJerzy Baranowski. |
| 260 |
_aWarszawa : _bWydawnictwa Naukowo-Techniczne, _c1969. |
||
| 300 |
_a267, [1] s. : _bil. ; _c23 cm. |
||
| 380 | _aKsiążki | ||
| 490 | 1 | _aUkłady Tranzystorowe. | |
| 504 | _aBibliogr. przy rozdz. Indeks. | ||
| 650 | 4 | _aTranzystory | |
| 650 | 4 | _aDiody | |
| 650 | 4 | _aTechnika impulsów | |
| 710 | 2 |
_aWydawnictwa Naukowo-Techniczne _4pbl. |
|
| 856 |
_uhttp://koha.tu.koszalin.pl/cgi-bin/koha/opac-detail.pl?biblionumber=12243 _yKatalog online BPK |
||
| 830 | 0 | _aUkłady Tranzystorowe | |
| 942 |
_2UKD _cKS |
||
| 999 |
_c12243 _d12243 |
||